Population prevention control: Part II (Record no. 15162)
[ view plain ]
| 000 -LEADER | |
|---|---|
| fixed length control field | 00701nam a22002297a 4500 |
| 003 - CONTROL NUMBER IDENTIFIER | |
| control field | BD-DhSAU |
| 005 - DATE AND TIME OF LATEST TRANSACTION | |
| control field | 20210915114907.0 |
| 008 - FIXED-LENGTH DATA ELEMENTS--GENERAL INFORMATION | |
| fixed length control field | 210915b xxu||||| |||| 00| 0 eng d |
| 020 ## - INTERNATIONAL STANDARD BOOK NUMBER | |
| International Standard Book Number | 978-87-403-0773-3 |
| Terms of availability | 6747.00/- |
| 040 ## - CATALOGING SOURCE | |
| Original cataloging agency | BD-DhSAU |
| Language of cataloging | eng |
| 082 ## - DEWEY DECIMAL CLASSIFICATION NUMBER | |
| Edition number | 22 |
| Classification number | 628 |
| Item number | B8139 |
| 100 ## - MAIN ENTRY--PERSONAL NAME | |
| Personal name | Berthouex, Paul Mac |
| 245 ## - TITLE STATEMENT | |
| Title | Population prevention control: Part II |
| Remainder of title | Material and Energy Balance |
| 260 ## - PUBLICATION, DISTRIBUTION, ETC. (IMPRINT) | |
| Place of publication, distribution, etc. | Canada |
| Name of publisher, distributor, etc. | Paul Mac Berthouex |
| Date of publication, distribution, etc. | 2014 |
| 300 ## - PHYSICAL DESCRIPTION | |
| Extent | 307 p. |
| Other physical details | ill. ; |
| Dimensions | 24 cm. |
| 500 ## - GENERAL NOTE | |
| General note | Includes Index. |
| 504 ## - BIBLIOGRAPHY, ETC. NOTE | |
| Bibliography, etc | Appendix |
| 590 ## - Name of Cataloguer | |
| Name of Cataloger | Md. Sirajul Islam |
| 600 ## - SUBJECT ADDED ENTRY--PERSONAL NAME | |
| Fuller form of name | Linfield C. Brown; Pual Mac Berthouex |
| 700 ## - ADDED ENTRY--PERSONAL NAME | |
| Personal name | Linfield C. Brown; Pual Mac Berthouex |
| 942 ## - ADDED ENTRY ELEMENTS (KOHA) | |
| Source of classification or shelving scheme | Dewey Decimal Classification |
| Koha item type | Book |
| Withdrawn status | Lost status | Source of classification or shelving scheme | Damaged status | Not for loan | Collection code | Home library | Branch Name | Shelving location | Date acquired | Total Checkouts | Full call number | Barcode | Date last seen | Price effective from | Koha item type | Public note |
|---|---|---|---|---|---|---|---|---|---|---|---|---|---|---|---|---|
| Dewey Decimal Classification | Not For Loan | Reference | SAU Library | SAU Library | Reference | 09/06/2021 | 628 B8139 | 42380 | 15/09/2021 | 15/09/2021 | Book | Project 2021 | ||||
| Dewey Decimal Classification | SAU Library | SAU Library | General Stacks | 09/06/2021 | 628 B8139 | 42381 | 15/09/2021 | 15/09/2021 | Book | Project 2021 | ||||||
| Dewey Decimal Classification | SAU Library | SAU Library | General Stacks | 15/09/2021 | 628 B8139 | 42382 | 15/09/2021 | 15/09/2021 | Book | Project 2021 |
